Las exposiciones antiguas de ética estoica.
Gespeichert in:
| 1. Verfasser: | |
|---|---|
| Weitere Verfasser: | , , |
| Format: | Buch |
| Sprache: | Spanisch |
| Veröffentlicht: |
Buenos Aires, Argentina:
EUDEBA,
1998.
|
| Ausgabe: | Primera edición. |
| Schriftenreihe: | Ética. Serie Clásicos.
|
| Schlagworte: | |
| Tags: |
Tag hinzufügen
Keine Tags, Fügen Sie den ersten Tag hinzu!
|
MARC
| LEADER | 00000nam a2200000 a 4500 | ||
|---|---|---|---|
| 001 | UCN7575 | ||
| 003 | CL-VaPUC | ||
| 005 | 20220822114348.0 | ||
| 008 | 011018e19980000AG |||||||||||||||||spa|d | ||
| 999 | |c 297818 |d 297816 | ||
| 020 | |a 950-23-0796-8 | ||
| 040 | |c Pontificia Universidad Católica de Valparaíso | ||
| 082 | 0 | 4 | |a 188 JUL 1998 |2 21 |
| 100 | |a Juliá, Victoria |e autor |9 503431 | ||
| 245 | 1 | 4 | |a Las exposiciones antiguas de ética estoica. |
| 250 | |a Primera edición. | ||
| 260 | |a Buenos Aires, Argentina: |b EUDEBA, |c 1998. | ||
| 300 | |a 395 páginas. | ||
| 440 | |a Ética. Serie Clásicos. |9 865642 | ||
| 500 | |a c.2 Donación Familia Prof. Alejandro Guzmán Brito. | ||
| 583 | |a last modification |c 20011018 00:00:00 |k Rodrigo Vera | ||
| 600 | 0 | 7 | |a Diógenes Laercio |d 180-240 |9 859838 |
| 600 | 0 | |a Cicerón, Marco Tulio |e autor |9 255203 | |
| 650 | 0 | |a Estoicismo |2 CL-VaPUC |9 755215 | |
| 650 | 0 | |a Etica estoica |2 CL-VaPUC |9 463510 | |
| 650 | 0 | |a Filosofía moral |9 310115 | |
| 700 | 0 | |a Boeri, Marcelo D |e autor |9 463506 | |
| 700 | 0 | |a Corso, Laura |e autor |9 463507 | |
| 700 | 0 | |a Cavallero, Pablo |e apéndice |9 865643 | |
| 852 | |a BIBCUR | ||
| 942 | |c BK |2 ddc |n 0 | ||
| 945 | |d 20011018 00:00:00 |a crobeson | ||
| 952 | |0 0 |1 0 |4 0 |6 188_000000000000000_JUL_1998 |7 0 |8 A |9 352827 |a BIBEDU |b BIBEDU |d 2019-11-21 |i 3763765 |l 1 |o 188 JUL 1998 |p 3763765 |r 2022-04-04 |s 2022-03-30 |w 2019-11-21 |y BK |k FIL | ||